000 01435nam a22003737a 4500
001 215
003 FISKH
005 20230616114617.0
008 230306b cb ||||| |||| 00| 0 eng d
010 _a 2007270195
040 _aDLC
_cDLC
_dDLC
_dFISKH
_beng
042 _alcac
050 0 0 _aPZ7.H836
_bBu 2006
082 0 0 _a813.54
_222
100 1 _aHowe, Deborah,
_d1946-1978.
245 1 0 _aBunnicula :
_ba rabbit-tale of mystery /
_cby Deborah and James Howe ; illustrated by Alan Daniel.
250 _a2nd Aladdin Paperbacks ed.
260 _aNew York :
_bSimon & Shuster
_c2006.
300 _axii, 98 p. :
_bill. ;
_c20 cm.
505 _aM
520 _aThough scoffed at by Harold the dog, Chester the cat tries to warn his human family that their foundling baby bunny must be a vampire.
521 1 _a700
_bLexile
521 1 _aM
_bRaz-Plus
650 1 _aRabbits
_vFiction.
650 1 _aVampires
_vFiction.
650 1 _aMystery and detective stories.
700 1 _aHowe, James,
_d1946-
700 1 _aDaniel, Alan,
_d1939-
_eill.
856 4 2 _3Publisher description
_uhttp://www.loc.gov/catdir/enhancements/fy0708/2007270195-d.html
856 4 2 _3Contributor biographical information
_uhttp://www.loc.gov/catdir/enhancements/fy0739/2007270195-b.html
856 4 1 _3Sample text
_uhttp://www.loc.gov/catdir/enhancements/fy0810/2007270195-s.html
906 _a7
_bcbc
_corigcop
_d2
_encip
_f20
_gy-gencatlg
942 _2ddc
_cBK
_n0
999 _c215
_d215